Memahami remaja

Bibliographic Details
Main Author: Mohd. Jamil Yaacob
Corporate Author: Title
Format: Book
Published: Pahang : PTS Professional , 2005
Series:Siri kaunseling
Subjects:

MARC

LEADER 00000cam a2200000 7i4500
001 0000012034
005 20160330.0
008 071126
020 |a 9833376088 
090 0 0 |a 155.50835   |b MOH 
100 1 |a Mohd. Jamil Yaacob 
245 1 0 |a Memahami remaja   |c Mohd. Jamil Yaacob 
260 |a Pahang :   |b PTS Professional ,   |c 2005 
440 |a Siri kaunseling 
500 |a Teenager ages 13-18 years old (blue) 
650 0 |a Adolescents psychology 
650 0 |a Malay fiction 
650 0 |a Teenagers   |x Counseling of 
650 0 |a Young adults   |x Psychology 
710 0 |a Title 
999 |a 0000923149   |b Book   |c Adult Collection   |e Cawangan Bukit Gambir 
999 |a 0000923150   |b Book   |c Adult Collection   |e Cawangan Bukit Gambir 
999 |a 0000933065   |b Book   |c Adult Collection   |e Cawangan Tangkak 
999 |a 0000933066   |b Book   |c Adult Collection   |e Cawangan Tangkak 
999 |a 0000933067   |b Book   |c Adult Collection   |e Cawangan Tangkak 
999 |a 0000941202   |b Book   |c Adult Collection   |e Cawangan Taman Sri Lambak 
999 |a 0001004398   |b Book   |c Teenagers   |e Perbadanan Perpustakaan Awam Johor 
999 |a 0001004399   |b Book   |c Teenagers   |e Perbadanan Perpustakaan Awam Johor